| 000 | 00915nam a2200253 a 4500 | ||
|---|---|---|---|
| 003 | MX-MxUPN | ||
| 005 | 20241001063848.0 | ||
| 008 | 991125c1926 sp r 000 0 spa d | ||
| 035 | _aUPN01000017193 | ||
| 040 |
_aMX-MxUPN _bspa _cMX-MxUPN |
||
| 041 | 0 | _aspa | |
| 050 | 1 | 4 |
_aLB1195 _bF4.48 |
| 100 | 1 |
_aFerriére, Adolphe, _d1879-1960 _942134 |
|
| 245 | 1 | 3 |
_aLa educación autónoma : _barte de formar ciudadanos para la nación y para la humanidad |
| 260 |
_aMadrid : _bF. Beltrán, _c1926 |
||
| 300 | _a367 páginas | ||
| 490 | 0 | _aActualidades pedagógicas | |
| 650 | 4 |
_aEducación preescolar _91517 |
|
| 700 | 1 |
_aTomás y Samper, Rodolfo _952205 _etraducción _eprólogo |
|
| 710 | 2 |
_aInstituto Federal de Capacitación del Magisterio (México) _928505 _epropietario anterior |
|
| 710 | 2 |
_aInstituto Nacional de Pedagogía (México) _epropietario anterior _928088 |
|
| 904 |
_aAC _b017194 |
||
| 999 |
_c17193 _d17193 |
||